Protein engineering : (Record no. 30051)
[ view plain ]
| 000 -LEADER | |
|---|---|
| fixed length control field | 01006nam a2200289Ia 4500 |
| 001 - CONTROL NUMBER | |
| control field | u3932 |
| 003 - CONTROL NUMBER IDENTIFIER | |
| control field | SIRSI |
| 005 - DATE AND TIME OF LATEST TRANSACTION | |
| control field | 20180220094118.0 |
| 008 - FIXED-LENGTH DATA ELEMENTS--GENERAL INFORMATION | |
| fixed length control field | 920828s1992 enka c 001 0 eng c |
| 010 ## - LIBRARY OF CONGRESS CONTROL NUMBER | |
| LC control number | 92-49381 |
| 020 ## - INTERNATIONAL STANDARD BOOK NUMBER | |
| International Standard Book Number | 0199631395 |
| 020 ## - INTERNATIONAL STANDARD BOOK NUMBER | |
| International Standard Book Number | 0199631387 (pbk.) |
| 039 #9 - LEVEL OF BIBLIOGRAPHIC CONTROL AND CODING DETAIL [OBSOLETE] | |
| Level of rules in bibliographic description | 200209091126 |
| Level of effort used to assign nonsubject heading access points | safaa |
| -- | 200203190935 |
| -- | load |
| 040 ## - CATALOGING SOURCE | |
| Original cataloging agency | EAL |
| 245 00 - TITLE STATEMENT | |
| Title | Protein engineering : |
| Remainder of title | a practical approach / |
| Statement of responsibility, etc. | edited by Anthony R. Rees, Michael J.E. Sternberg, and Ronald Wetzel. |
| 260 ## - PUBLICATION, DISTRIBUTION, ETC. | |
| Place of publication, distribution, etc. | Oxford ; |
| -- | New York : |
| Name of publisher, distributor, etc. | IRL Press at Oxford University Press, |
| Date of publication, distribution, etc. | c1992. |
| 300 ## - PHYSICAL DESCRIPTION | |
| Extent | xxv, 397 p. : |
| Other physical details | ill. ; |
| Dimensions | 24 cm. |
| 440 #4 - SERIES STATEMENT/ADDED ENTRY--TITLE | |
| Title | The Practical approach series |
| 504 ## - BIBLIOGRAPHY, ETC. NOTE | |
| Bibliography, etc. note | Includes bibliographical references and index. |
| 596 ## - | |
| -- | 1 |
| 650 #0 - SUBJECT ADDED ENTRY--TOPICAL TERM | |
| Topical term or geographic name entry element | Protein engineering. |
| 700 10 - ADDED ENTRY--PERSONAL NAME | |
| Personal name | Rees, Anthony R. |
| 700 10 - ADDED ENTRY--PERSONAL NAME | |
| Personal name | Sternberg, Michael J. E. |
| 700 10 - ADDED ENTRY--PERSONAL NAME | |
| Personal name | Wetzel, Ronald. |
| 942 ## - ADDED ENTRY ELEMENTS (KOHA) | |
| Koha item type | Books |
| Source of classification or shelving scheme | Library of Congress Classification |
| Withdrawn status | Lost status | Source of classification or shelving scheme | Damaged status | Not for loan | Home library | Current library | Date acquired | Total Checkouts | Full call number | Barcode | Date last seen | Copy number | Price effective from | Koha item type |
|---|---|---|---|---|---|---|---|---|---|---|---|---|---|---|
| Withdrawn | Library of Congress Classification | Main | Main | 02/20/2018 | TP248.65.P76 P76 1992 | 0013138 | 02/27/2025 | 1 | 02/20/2018 | Books | ||||
| Withdrawn | Library of Congress Classification | Main | Main | 02/20/2018 | TP248.65.P76 P76 1992 | 0013271 | 02/27/2025 | 2 | 02/20/2018 | Books |